• 首页
  • 本馆介绍
  • 公告通知
  • 最新文献
  • 馆藏检索
  • 电子资源
  • 读者导购
  • 参考咨询
  • 我的图书馆
  • 登录
  • 详细信息显示
  • 放入我的书架
  • 预约/预借图书
  • 作者相关作品
  • 分类相关作品
  • 丛书相关作品
  • 出版社相关作品

书目信息

  • 表格格式
  • 工作单格式
  • 卡片格式
题名:
印象派之后的现代主义
    
 
作者: 叶丹 著
分册:   波洛克 德·库宁 克莱因
出版信息: 广州   暨南大学出版社  2002
页数: 125页
开本: 21cm
丛书名: 大师·美术
单 册:
中图分类: J110.99
科图分类:
主题词: 艺术--流派 , 艺术--流派--研究
电子资源:
ISBN: 7-81079-170-2
000 00907oam2 2200265 45
001 110000002220
005 20050926173539.54
010    @a7-81079-170-2@dCNY28.00
100    @a20050114d2002 ekmy0chiy0120 ea
101 0  @achi
102    @aCN@b440000
105    @aa z 000yy
200 1  @a印象派之后的现代主义@9yin xiang pai zhi hou de xian dai zhu yi@i波洛克 德·库宁 克莱因@f叶丹著@Fye dan zhu
210    @a广州@c暨南大学出版社@d2002
215    @a125页@c图@d21cm
225 2  @a大师·美术@f张坚主编
330    @a本书主要包括:新时代的开端、光荣的荆棘路、纽的画派、“行动即绘画”、抽象表现主义中的大色域绘画等内容。
461  0 @12001 @a大师·美术
517 1  @a波洛克 德·库宁 克莱因@9bo luo ke de· ku ning ke lai yin
606 0  @a艺术@x流派
606 0  @a艺术@x流派@x研究
690    @aJ110.99@v4
701  0 @a叶丹@Aye dan@4著
801  0 @aCN@bTSSF@c20050926
905    @a10447@dJ110.99@e57
    
    印象派之后的现代主义.波洛克 德·库宁 克莱因/叶丹著.-广州:暨南大学出版社,2002
    125页:图;21cm.-(大师·美术/张坚主编)
    
    
    ISBN 7-81079-170-2:CNY28.00
    本书主要包括:新时代的开端、光荣的荆棘路、纽的画派、“行动即绘画”、抽象表现主义中的大色域绘画等内容。
●
相关链接 在E读中查询图书 在五车中查询图书 在当当中查询图书 在豆瓣中查询图书


正题名:印象派之后的现代主义     索取号:J110.99/57         预约/预借

序号 登录号 条形码 馆藏地/架位号 状态 备注
1 0363275   3632750   第一样本阅览室/ [索取号:J110.99/57] 在馆    
2 0363276   3632769   第一借阅区/ [索取号:J110.99/57] 在馆    
3 0363277   3632778   第一借阅区/ [索取号:J110.99/57] 在馆    
4 0363278   3632787   第一借阅区/ [索取号:J110.99/57] 在馆    
5 0363279   3632796   第一借阅区/ [索取号:J110.99/57] 在馆    
唐山师范学院图书馆 欢迎您!
大连网信软件有限公司© 版权所有